000 00522nam a2200181Ia 4500
008 090123s9999 xx 000 0 und d
082 _b7386
_a891.463/गोगटे
100 _aगोगटे शकुंतला
245 _aचाहूल
250 _a1
260 _bराजा प्रकाशन
300 _a124
600 _aगोगटे शकुंतला
630 _aचाहूल
700 _aगोगटे शकुंतला
730 _aचाहूल
942 _cBOOK
999 _c45452
_d45452